[Event "Landesklasse Ost 2012/2013"]
[Site "?"]
[Date "2013.04.21"]
[Round "9"]
[White "Zeising, Benjamin"]
[Black "Hadlich, Gerald"]
[Result "1-0"]
[WhiteElo "1773"]
[BlackElo "1806"]
[PlyCount "61"]
[EventDate "2013.??.??"]
[WhiteTeam "SG Arnstadt-Stadtilm"]
[BlackTeam "SV Hermsdorf"]

1. e4 e6 2. f4 d5 3. e5 c5 4. b4 cxb4 5. a3 Nc6 6. axb4 Bxb4 7. c3 Be7 8. Qg4
g6 9. d4 Nh6 10. Qh3 Nf5 11. Bd3 h5 12. Ne2 Bd7 13. O-O Nh6 14. Nd2 Na5 15. c4
Nxc4 16. Nxc4 dxc4 17. Bxc4 O-O 18. f5 Nxf5 19. Rxf5 exf5 20. Qg3 h4 21. Qxg6+
Kh8 22. Qh5+ Kg8 23. Bh6 Qb6 24. Rf1 Be6 25. Bxe6 Qxe6 26. Nf4 Qb6 27. Bxf8
Rxf8 28. Qxf5 Qxd4+ 29. Kh1 Rd8 30. Nh5 Qd3 31. Qxf7+ 1-0

[Event "Landesklasse Ost 2012/2013"]
[Site "?"]
[Date "2013.04.21"]
[Round "9"]
[White "Moje, Hans-Jürgen"]
[Black "Habl, Klaus"]
[Result "1/2-1/2"]
[WhiteElo "1783"]
[BlackElo "1671"]
[PlyCount "34"]
[EventDate "2013.??.??"]
[WhiteTeam "SV Hermsdorf"]
[BlackTeam "SG Arnstadt-Stadtilm"]

1. e4 c5 2. d4 cxd4 3. c3 d3 4. Nf3 d6 5. Bxd3 Nf6 6. h3 e6 7. c4 Be7 8. Nc3
O-O 9. O-O Bd7 10. Qe2 Bc6 11. Rd1 Nbd7 12. Bg5 Qc7 13. Rac1 Ne5 14. Nxe5 dxe5
15. Be3 Nd7 16. Bb1 Rfd8 17. Qg4 Nf6 1/2-1/2

[Event "Landesklasse Ost 2012/2013"]
[Site "?"]
[Date "2013.04.21"]
[Round "9"]
[White "Specht, Horst"]
[Black "Pietzsch, Gerhard"]
[Result "1/2-1/2"]
[WhiteElo "1569"]
[BlackElo "1804"]
[PlyCount "33"]
[EventDate "2013.??.??"]
[WhiteTeam "SG Arnstadt-Stadtilm"]
[BlackTeam "SV Hermsdorf"]

1. d4 Nf6 2. Nf3 g6 3. c4 Bg7 4. Nc3 d5 5. Bg5 Ne4 6. e3 Nxg5 7. Nxg5 h6 8. Nf3
c6 9. cxd5 cxd5 10. Rc1 O-O 11. Be2 Nc6 12. O-O e6 13. a3 b6 14. b4 Bb7 15. Qb3
Qe7 16. Rc2 Rfc8 17. Rfc1 1/2-1/2

[Event "Landesklasse Ost 2012/2013"]
[Site "?"]
[Date "2013.04.21"]
[Round "9"]
[White "Markowski, Erhard"]
[Black "Scheller, Thomas"]
[Result "1-0"]
[WhiteElo "1666"]
[BlackElo "1614"]
[PlyCount "87"]
[EventDate "2013.??.??"]
[WhiteTeam "SV Hermsdorf"]
[BlackTeam "SG Arnstadt-Stadtilm"]

1. c4 c5 2. Nc3 Nc6 3. Nf3 g6 4. d4 cxd4 5. Nxd4 Bg7 6. e3 Nf6 7. Be2 O-O 8.
O-O d6 9. e4 Nxe4 10. Nxc6 Nxc3 11. Nxd8 Nxd1 12. Nxf7 Rxf7 13. Rxd1 Be6 14.
Rb1 Bf5 15. Bd3 Raf8 16. Be3 b6 17. b3 h6 18. Rbc1 Kh7 19. Rc2 Rc8 20. Bxf5
Rxf5 21. Rcd2 Rc6 22. a4 h5 23. Rd5 Rxd5 24. Rxd5 e6 25. Rd3 Bh6 26. f4 Bg7 27.
Kf2 e5 28. Kf3 Kg8 29. Ke4 Kf7 30. Kd5 Rc8 31. fxe5 Bxe5 32. g3 Kf6 33. Bd4
Bxd4 34. Kxd4 Rc5 35. Rf3+ Ke6 36. b4 Rc8 37. h3 a6 38. Re3+ Kd7 39. Kd5 Rf8
40. Ke4 Rf5 41. Rf3 Re5+ 42. Kd4 Re6 43. Rf7+ Kc6 44. b5+ 1-0

[Event "Landesklasse Ost 2012/2013"]
[Site "?"]
[Date "2013.04.21"]
[Round "9"]
[White "Pecher, Peter"]
[Black "Pietsch, Karsten"]
[Result "0-1"]
[WhiteElo "1378"]
[BlackElo "1661"]
[PlyCount "38"]
[EventDate "2013.??.??"]
[WhiteTeam "SG Arnstadt-Stadtilm"]
[BlackTeam "SV Hermsdorf"]

1. Nf3 d5 2. e3 Nf6 3. d4 e6 4. c4 c5 5. Nc3 Nc6 6. b3 cxd4 7. exd4 Bb4 8. Bd2
O-O 9. a3 Bd6 10. c5 Bb8 11. Bd3 e5 12. dxe5 Nxe5 13. Nxe5 Bxe5 14. Qc2 Qe7 15.
O-O Bxh2+ 16. Kh1 Qe5 17. f4 Qh5 18. Be2 Ng4 19. Rf3 Bg3+ 0-1

[Event "Landesklasse Ost 2012/2013"]
[Site "?"]
[Date "2013.04.21"]
[Round "9"]
[White "Plötner, Jens"]
[Black "Meng, Hans"]
[Result "1-0"]
[WhiteElo "1711"]
[BlackElo "1082"]
[PlyCount "99"]
[EventDate "2013.??.??"]
[WhiteTeam "SV Hermsdorf"]
[BlackTeam "SG Arnstadt-Stadtilm"]

1. d4 d5 2. Nf3 g6 3. c4 Bg7 4. Nc3 Nf6 5. e3 Bf5 6. Qb3 Nc6 7. cxd5 Na5 8.
Qa4+ c6 9. dxc6 bxc6 10. b4 Nd5 11. Nxd5 Qxd5 12. Qxa5 Qe4 13. Qc5 O-O 14. Nd2
Qe6 15. Be2 Rfd8 16. Bb2 a5 17. bxa5 Rd5 18. Qc4 Bg4 19. Bc3 Bxe2 20. Qxe2 Qf6
21. O-O Rh5 22. Nf3 g5 23. h3 Qh6 24. Nh2 f5 25. f3 Bf6 26. Qc4+ Kg7 27. Qxc6
Rf8 28. a6 f4 29. Ng4 Qg6 30. e4 Kg8 31. Qd5+ e6 32. Qxe6+ Rf7 33. Nxf6+ Qxf6
34. Qxf6 Rxf6 35. Rfb1 Rxa6 36. Rb7 Rhh6 37. Bb4 Rhc6 38. Bc5 h5 39. a3 Ra4 40.
Rab1 Rc4 41. Ra7 Rc8 42. Rbb7 R4xc5 43. dxc5 Rd8 44. c6 g4 45. Rd7 Rb8 46. Rab7
Rc8 47. c7 Kf8 48. Rb8 Ke8 49. Rh7 Rxb8 50. cxb8=Q# 1-0

[Event "Landesklasse Ost 2012/2013"]
[Site "?"]
[Date "2013.04.21"]
[Round "9"]
[White "Göbel, Helmut"]
[Black "Sacher, Meik"]
[Result "1/2-1/2"]
[WhiteElo "1615"]
[BlackElo "1933"]
[PlyCount "25"]
[EventDate "2013.??.??"]
[WhiteTeam "SG Arnstadt-Stadtilm"]
[BlackTeam "SV Hermsdorf"]

1. d4 Nf6 2. c4 g6 3. Nc3 Bg7 4. e4 d6 5. Bg5 O-O 6. Qd2 c6 7. Bd3 a6 8. Nge2
b5 9. O-O Nbd7 10. a3 Bb7 11. b4 bxc4 12. Bxc4 a5 13. Bh6 1/2-1/2

[Event "Landesklasse Ost 2012/2013"]
[Site "?"]
[Date "2013.04.21"]
[Round "9"]
[White "Wilmar, Andre"]
[Black "Schmidt, Uwe"]
[Result "1-0"]
[WhiteElo "1904"]
[BlackElo "1942"]
[PlyCount "175"]
[EventDate "2013.??.??"]
[WhiteTeam "Meuselwitzer SV"]
[BlackTeam "SV Medizin Erfurt"]

1. Nf3 d5 2. g3 Nf6 3. Bg2 c6 4. d3 g6 5. O-O Bg7 6. c4 O-O 7. Nc3 dxc4 8. dxc4
Qxd1 9. Rxd1 Be6 10. Ne5 Ng4 11. Nxg4 Bxg4 12. Bf1 Na6 13. f3 Be6 14. e4 Rfd8
15. Be3 b6 16. Rac1 Kf8 17. a3 Nc5 18. Rxd8+ Rxd8 19. b4 Nd3 20. Bxd3 Rxd3 21.
Rd1 Rxd1+ 22. Nxd1 Bxc4 23. Kf2 Ke8 24. Ke1 Bb3 25. Kd2 Bxd1 26. Kxd1 Kd7 27.
Kc2 f5 28. Kd3 Kd6 29. h3 e6 30. g4 h5 31. Bf2 Be5 32. Bg1 Kc7 33. Kc4 fxe4 34.
fxe4 a6 35. a4 b5+ 36. Kb3 Bd6 37. Bd4 Bf4 38. Bc5 Bd6 39. Bd4 Bg3 40. Bc5 Bh2
41. Bd4 hxg4 42. hxg4 Bd6 43. Be3 Kd7 44. Bg5 c5 45. bxc5 Bxc5 46. axb5 axb5
47. Kc3 Kc6 48. Bf6 Bd6 49. Bd4 Bg3 50. Kb3 Be1 51. Be3 Ba5 52. Bf2 Bb6 53. Bg3
Be3 54. Kb4 Bd2+ 55. Kb3 Kc5 56. Bf2+ Kd6 57. Bg3+ Kc6 58. Bf2 Bf4 59. Kb4 Bd6+
60. Kb3 Kd7 61. Bh4 Bf4 62. Bf2 Be5 63. Be3 Bd6 64. Bd4 Kc6 65. Bf2 Bc5 66. Bg3
Bd4 67. Kb4 Be3 68. Be5 g5 69. Bf6 Bd2+ 70. Kb3 Kc5 71. Be5 Bf4 72. Bc3 Be3 73.
Bf6 Bf4 74. Bc3 b4 75. Bb2 Be3 76. Bf6 Bf4 77. Bb2 Bd2 78. Bf6 Be3 79. Be5 Bf4
80. Ba1 Be3 81. Bg7 Bd4 82. Bf8+ Kb5 83. Bxb4 Kc6 84. Kc4 Bf6 85. Bd2 Kd6 86.
Kd3 Bd8 87. Bc3 Bb6 88. Bf6 1-0

[Event "Landesklasse Ost 2012/2013"]
[Site "?"]
[Date "2013.04.21"]
[Round "9"]
[White "Zeuner, Ulrich"]
[Black "Eicke, Andreas"]
[Result "1/2-1/2"]
[WhiteElo "1979"]
[BlackElo "1814"]
[PlyCount "113"]
[EventDate "2013.??.??"]
[WhiteTeam "SV Medizin Erfurt"]
[BlackTeam "Meuselwitzer SV"]

1. Nf3 Nf6 2. g3 d5 3. Bg2 e6 4. d3 b6 5. c4 Bb4+ 6. Nbd2 O-O 7. a3 Be7 8. O-O
Bb7 9. b4 Nbd7 10. Bb2 c5 11. cxd5 exd5 12. bxc5 Nxc5 13. Ne5 Qd6 14. a4 Rfd8
15. Nb3 Nxb3 16. Qxb3 Qb4 17. Qa2 Rac8 18. Rac1 Rxc1 19. Rxc1 Rc8 20. Rxc8+
Bxc8 21. Qa1 Bb7 22. Bc3 Qa3 23. Qxa3 Bxa3 24. Nc4 Bc5 25. d4 Be7 26. Ne5 Kf8
27. e3 Ke8 28. f3 Nd7 29. Nd3 Bc6 30. a5 bxa5 31. Bxa5 Bd8 32. Bxd8 Kxd8 33.
Nb4 Kc7 34. Bf1 a5 35. Na2 a4 36. Bd3 h6 37. Kf2 Kb6 38. Nc3 Ka5 39. e4 dxe4
40. fxe4 Kb4 41. Na2+ Ka3 42. d5 Bb7 43. Bb5 Nc5 44. Ke3 Kxa2 45. Kd4 Nxe4 46.
Bxa4 Nf6 47. Bc6 Bxc6 48. dxc6 Ne8 49. Kc5 Kb3 50. g4 g6 51. Kd5 Kb4 52. Ke5 f5
53. gxf5 gxf5 54. Kxf5 Kc5 55. Kg6 Kxc6 56. Kxh6 Kd6 57. Kg6 1/2-1/2

[Event "Landesklasse Ost 2012/2013"]
[Site "?"]
[Date "2013.04.21"]
[Round "9"]
[White "Kühne, Niklas"]
[Black "Sunderbrink, Heino"]
[Result "0-1"]
[WhiteElo "1821"]
[BlackElo "1947"]
[PlyCount "58"]
[EventDate "2013.??.??"]
[WhiteTeam "Meuselwitzer SV"]
[BlackTeam "SV Medizin Erfurt"]

1. c4 e6 2. d4 d5 3. Nc3 Nf6 4. cxd5 exd5 5. Bg5 Be7 6. Nf3 c6 7. e3 O-O 8. Bd3
h6 9. Bf4 Be6 10. O-O Nbd7 11. a3 Re8 12. b4 a5 13. Qb3 axb4 14. axb4 Qb6 15.
b5 Nh5 16. Na4 Qa5 17. Be5 Rec8 18. h3 Qd8 19. Rfc1 Nhf6 20. Qb2 Ne4 21. Nc3
Nxe5 22. Nxe5 Nxc3 23. Rxc3 Qb6 24. Rxa8 Rxa8 25. Rc2 c5 26. dxc5 Bxc5 27. Nf3
Bxe3 28. Qc3 Bf4 29. Nd4 Be5 0-1

[Event "Landesklasse Ost 2012/2013"]
[Site "?"]
[Date "2013.04.21"]
[Round "9"]
[White "Rost, Detlef"]
[Black "Schmidt, Jörg"]
[Result "0-1"]
[WhiteElo "1900"]
[BlackElo "1763"]
[PlyCount "60"]
[EventDate "2013.??.??"]
[WhiteTeam "SV Medizin Erfurt"]
[BlackTeam "Meuselwitzer SV"]

1. d4 Nf6 2. c4 g6 3. Nc3 d5 4. cxd5 Nxd5 5. Bd2 Bg7 6. e4 Nxc3 7. Bxc3 O-O 8.
Bc4 c5 9. Ne2 cxd4 10. Nxd4 Qc7 11. Qb3 a6 12. a4 Nd7 13. O-O Ne5 14. Be2 Bd7
15. Rac1 Nc6 16. Nxc6 Bxc6 17. Bxg7 Kxg7 18. Qc3+ f6 19. Qe3 Qe5 20. b3 Rac8
21. f3 Rfd8 22. Rfd1 g5 23. g3 h6 24. Kf2 Rxd1 25. Rxd1 b5 26. axb5 Bxb5 27.
Bxb5 Qxb5 28. Rd2 Rc1 29. Qd3 Qb6+ 30. Qe3 Rf1+ 0-1

[Event "Landesklasse Ost 2012/2013"]
[Site "?"]
[Date "2013.04.21"]
[Round "9"]
[White "Schmidt, Jens"]
[Black "Kube, Hannelore"]
[Result "0-1"]
[WhiteElo "1756"]
[BlackElo "1809"]
[PlyCount "80"]
[EventDate "2013.??.??"]
[WhiteTeam "Meuselwitzer SV"]
[BlackTeam "SV Medizin Erfurt"]

1. e4 e5 2. Nf3 Nc6 3. d4 exd4 4. Nxd4 Bc5 5. Nxc6 bxc6 6. Bd3 d6 7. O-O Qh4 8.
Qf3 Ne7 9. Qf4 Qxf4 10. Bxf4 Be6 11. Nd2 O-O 12. Rfe1 Rfe8 13. Nc4 Rab8 14.
Rab1 Rb4 15. b3 d5 16. Nd2 Bd6 17. Bg5 f6 18. c3 Rbb8 19. Be3 Ng6 20. f3 a5 21.
c4 Bb4 22. cxd5 cxd5 23. Rec1 d4 24. Bxd4 Bxd2 25. Rxc7 Rbc8 26. Rxc8 Rxc8 27.
Bb5 Ne5 28. Rd1 Bb4 29. Bb6 Rb8 30. Rd8+ Rxd8 31. Bxd8 Kf7 32. a3 Bxa3 33. Bxa5
Bxb3 34. Kf2 Bc4 35. Ba4 Nd3+ 36. Ke3 Ne5 37. Bc3 Bc5+ 38. Kf4 Nd3+ 39. Kg3
Bd6+ 40. f4 Nxf4 0-1

[Event "Landesklasse Ost 2012/2013"]
[Site "?"]
[Date "2013.04.21"]
[Round "9"]
[White "Knorre, Jonas"]
[Black "Hercher, Ralf"]
[Result "1/2-1/2"]
[WhiteElo "1595"]
[BlackElo "1739"]
[PlyCount "32"]
[EventDate "2013.??.??"]
[WhiteTeam "SV Medizin Erfurt"]
[BlackTeam "Meuselwitzer SV"]

1. d4 Nf6 2. Nf3 e6 3. e3 d5 4. Bd3 b6 5. O-O Bb7 6. Nbd2 Bd6 7. b3 O-O 8. Bb2
Ne4 9. c4 c6 10. Nxe4 dxe4 11. Bxe4 f5 12. Bc2 Nd7 13. Qe2 Qf6 14. e4 Qh6 15.
Bc1 f4 16. e5 Be7 1/2-1/2

[Event "Landesklasse Ost 2012/2013"]
[Site "?"]
[Date "2013.04.21"]
[Round "9"]
[White "Hofmann, Harald"]
[Black "Fischer, Dennis"]
[Result "0-1"]
[WhiteElo "1603"]
[BlackElo "1881"]
[PlyCount "110"]
[EventDate "2013.??.??"]
[WhiteTeam "Meuselwitzer SV"]
[BlackTeam "SV Medizin Erfurt"]

1. d4 Nf6 2. c4 e6 3. Nc3 Bb4 4. Bd2 O-O 5. Nf3 d5 6. e3 Nbd7 7. Bd3 c5 8. O-O
Nb6 9. cxd5 c4 10. Be2 exd5 11. a3 Bd6 12. h3 Bd7 13. Na2 Ne4 14. Bb4 Bxb4 15.
Nxb4 a5 16. Na2 a4 17. Nd2 Re8 18. Rc1 Qe7 19. Nc3 Nxd2 20. Qxd2 Qg5 21. Kh2
Qh6 22. Bf3 Qd6+ 23. g3 Bc6 24. Rce1 Rad8 25. Qd1 Re7 26. Rh1 Rde8 27. Kg2 Qd7
28. Qb1 f5 29. h4 Nc8 30. Bd1 Nd6 31. Bc2 Ne4 32. Nxe4 fxe4 33. Rh2 Rf8 34. Rf1
Ref7 35. Qe1 Qd6 36. Bd1 b5 37. f4 b4 38. Qxb4 Qxb4 39. axb4 Rb8 40. b5 Bxb5
41. Kh3 Rfb7 42. Rff2 Bd7+ 43. f5 Rc7 44. g4 Ra7 45. Kg3 a3 46. bxa3 Rxa3 47.
Kf4 Ra1 48. Bc2 Rb2 49. Kg3 c3 50. g5 Bb5 51. Bxe4 Rg1+ 52. Kf3 Rxf2+ 53. Rxf2
dxe4+ 54. Kxe4 Re1 55. Ke5 Re2 0-1

[Event "Landesklasse Ost 2012/2013"]
[Site "?"]
[Date "2013.04.21"]
[Round "9"]
[White "Schulze, Reiner"]
[Black "Kohl, Torsten"]
[Result "1-0"]
[WhiteElo "1778"]
[BlackElo "1668"]
[PlyCount "59"]
[EventDate "2013.??.??"]
[WhiteTeam "SV Medizin Erfurt"]
[BlackTeam "Meuselwitzer SV"]

1. e4 c6 2. Nc3 g6 3. d4 Bg7 4. f4 d5 5. e5 e6 6. Nf3 Ne7 7. Bd3 b6 8. Qe2 O-O
9. Be3 a5 10. g4 Ba6 11. h4 Bxd3 12. Qxd3 Nd7 13. h5 f5 14. Ng5 Qc8 15. Qe2
fxg4 16. Qxg4 Nf5 17. Kd2 c5 18. Nb5 cxd4 19. Nxd4 Nc5 20. Rae1 h6 21. hxg6
hxg5 22. Nxf5 Ne4+ 23. Kc1 Rxf5 24. Rh7 Qe8 25. Qh5 gxf4 26. Rxg7+ Kxg7 27.
Qh7+ Kf8 28. g7+ Ke7 29. g8=Q+ Kd8 30. Bxb6+ 1-0

[Event "Landesklasse Ost 2012/2013"]
[Site "?"]
[Date "2013.04.21"]
[Round "9"]
[White "Mysliwiec, Jörg"]
[Black "Seifert, Michael"]
[Result "1-0"]
[WhiteElo "2012"]
[BlackElo "1759"]
[PlyCount "59"]
[EventDate "2013.??.??"]
[WhiteTeam "SSV Vimaria 91 Weimar"]
[BlackTeam "SV Schott Jena"]

1. b3 Nf6 2. Bb2 d6 3. g3 e5 4. Bg2 c5 5. Nf3 g6 6. O-O Bg7 7. d3 O-O 8. c4 Nc6
9. e3 Bf5 10. h3 Rb8 11. Nc3 a6 12. Kh2 Re8 13. Qd2 Qc7 14. Nh4 Bd7 15. Nd5
Nxd5 16. cxd5 Ne7 17. e4 b5 18. f4 f6 19. Nf3 Rbc8 20. g4 c4 21. dxc4 bxc4 22.
Rac1 Qb6 23. bxc4 Rc7 24. Ba3 a5 25. c5 Qa6 26. c6 Bc8 27. Bxd6 Ra7 28. fxe5
fxe5 29. Ba3 Rd8 30. d6 1-0

[Event "Landesklasse Ost 2012/2013"]
[Site "?"]
[Date "2013.04.21"]
[Round "9"]
[White "Berkov, Mikhail"]
[Black "Rensch, Toralf"]
[Result "1/2-1/2"]
[WhiteElo "1811"]
[BlackElo "1977"]
[PlyCount "106"]
[EventDate "2013.??.??"]
[WhiteTeam "SV Schott Jena"]
[BlackTeam "SSV Vimaria 91 Weimar"]

1. e4 c6 2. d4 d5 3. Nc3 dxe4 4. Nxe4 Bf5 5. Ng3 Bg6 6. h4 h6 7. h5 Bh7 8. Nf3
Nd7 9. Bd3 Bxd3 10. Qxd3 Ngf6 11. Ne4 Nxe4 12. Qxe4 Nf6 13. Qe2 e6 14. Bd2 Qc7
15. g3 O-O-O 16. O-O-O Bd6 17. c4 c5 18. Bc3 Rhe8 19. Kb1 Qc6 20. Rh4 Qc7 21.
Ka1 Qe7 22. Rb1 Bc7 23. dxc5 Qxc5 24. b4 Qf5 25. Nd4 Qh7 26. Nb5 Qd3 27. Qxd3
Rxd3 28. Nxa7+ Kb8 29. Nb5 Red8 30. Kb2 Rf3 31. Bd4 Kc8 32. Kc2 Rf5 33. Rd1 e5
34. Be3 Rxd1 35. Kxd1 Rxh5 36. Rxh5 Nxh5 37. Nxc7 Kxc7 38. a4 f5 39. a5 Nf6 40.
b5 Ne4 41. Kc2 g5 42. Kd3 h5 43. f3 Nd6 44. Bxg5 e4+ 45. fxe4 fxe4+ 46. Kd4
Nf5+ 47. Kxe4 Nxg3+ 48. Kd5 Ne2 49. c5 Nc3+ 50. Kc4 Ne4 51. Bf4+ Kc8 52. a6
bxa6 53. b6 Kb7 1/2-1/2

[Event "Landesklasse Ost 2012/2013"]
[Site "?"]
[Date "2013.04.21"]
[Round "9"]
[White "Vogel, Steffen"]
[Black "Mauch, Johannes"]
[Result "0-1"]
[WhiteElo "1834"]
[BlackElo "1582"]
[PlyCount "70"]
[EventDate "2013.??.??"]
[WhiteTeam "SSV Vimaria 91 Weimar"]
[BlackTeam "SV Schott Jena"]

1. d4 Nf6 2. c4 g6 3. Nc3 Bg7 4. e4 d6 5. h3 O-O 6. Bg5 h6 7. Be3 e5 8. d5 a5
9. Bd3 Na6 10. Qd2 Kh7 11. Nge2 Nc5 12. Bc2 Nfd7 13. O-O-O Nb6 14. Bd3 f5 15.
g3 fxe4 16. Nxe4 Nxc4 17. Ng5+ hxg5 18. Bxc4 Ne4 19. Qe1 Qf6 20. Rh2 c6 21. Nc3
Nxc3 22. Qxc3 b5 23. h4 g4 24. Bd3 cxd5 25. Bg5 Qf3 26. Qc7 Bf5 27. Bxf5 Qxf5
28. Qb6 Rac8+ 29. Kd2 Rc2+ 30. Ke1 d4 31. Qxb5 e4 32. Qxf5 Rxf5 33. Rc1 d3 34.
Bf4 Rxf4 35. gxf4 Rxc1+ 0-1

[Event "Landesklasse Ost 2012/2013"]
[Site "?"]
[Date "2013.04.21"]
[Round "9"]
[White "Scholz, Lucas"]
[Black "Gebuhr, Günter"]
[Result "1/2-1/2"]
[WhiteElo "1738"]
[BlackElo "1810"]
[PlyCount "116"]
[EventDate "2013.??.??"]
[WhiteTeam "SV Schott Jena"]
[BlackTeam "SSV Vimaria 91 Weimar"]

1. e4 c5 2. Nf3 Nc6 3. d4 cxd4 4. Nxd4 Nf6 5. Nc3 d6 6. Bb5 Bd7 7. O-O e6 8.
Be3 Be7 9. f3 O-O 10. Qd2 Nxd4 11. Bxd4 Bxb5 12. Nxb5 a6 13. Nc3 Qc7 14. Rad1
Rfd8 15. Qf2 Rd7 16. Bb6 Qc6 17. Rd3 Bd8 18. Be3 b5 19. a3 Rc8 20. Rfd1 h6 21.
Kh1 Be7 22. Qg3 Kh7 23. e5 dxe5 24. Qxe5 Rcd8 25. Rxd7 Rxd7 26. Rxd7 Qxd7 27.
Qd4 Qc7 28. Qa7 Qxa7 29. Bxa7 Kg6 30. g3 Kf5 31. Kg2 h5 32. Kf2 Ke5 33. Ke2 Nd7
34. b4 f5 35. Ke3 Kd6 36. f4 Kc6 37. Bd4 g6 38. Ne2 Kd5 39. Kd3 e5 40. Bxe5
Nxe5+ 41. fxe5 Kxe5 42. Nf4 Kf6 43. Nd5+ Ke6 44. Nc7+ Ke5 45. Nxa6 f4 46. Nc7
fxg3 47. hxg3 g5 48. Ke3 h4 49. gxh4 gxh4 50. Nxb5 Kd5 51. Nc3+ Kc4 52. Ne2 h3
53. Kf3 Bd6 54. Ng3 Kb5 55. Ne4 Be5 56. Nc5 Kc4 57. a4 Bc7 58. a5 Bxa5 1/2-1/2

[Event "Landesklasse Ost 2012/2013"]
[Site "?"]
[Date "2013.04.21"]
[Round "9"]
[White "Mitter, Frank"]
[Black "Richter, Gerhard"]
[Result "1/2-1/2"]
[WhiteElo "1770"]
[BlackElo "2040"]
[PlyCount "39"]
[EventDate "2013.??.??"]
[WhiteTeam "SSV Vimaria 91 Weimar"]
[BlackTeam "SV Schott Jena"]

1. d4 e6 2. c4 b6 3. Nc3 Bb7 4. Nf3 Bb4 5. e3 Nf6 6. Bd3 Ne4 7. Qc2 f5 8. O-O
Bxc3 9. bxc3 O-O 10. Nd2 Qh4 11. f3 Nxd2 12. Bxd2 d6 13. e4 fxe4 14. Bxe4 Bxe4
15. Qxe4 Qxe4 16. fxe4 Nd7 17. Rf3 Rae8 18. Re1 e5 19. Bc1 Nf6 20. Bg5 1/2-1/2

[Event "Landesklasse Ost 2012/2013"]
[Site "?"]
[Date "2013.04.21"]
[Round "9"]
[White "Jordan, Gunter"]
[Black "Latka, Robert"]
[Result "1-0"]
[WhiteElo "1845"]
[BlackElo "1652"]
[PlyCount "53"]
[EventDate "2013.??.??"]
[WhiteTeam "SV Schott Jena"]
[BlackTeam "SSV Vimaria 91 Weimar"]

1. d4 Nf6 2. Nc3 d5 3. e4 dxe4 4. f3 exf3 5. Nxf3 Bg4 6. Bc4 e6 7. O-O Be7 8.
Be3 O-O 9. Qe1 Bxf3 10. Rxf3 c6 11. Bd3 Ng4 12. Rh3 f5 13. Bc4 Rf6 14. Rd1 h6
15. Bf4 Qd7 16. Rg3 g5 17. Bxb8 Rxb8 18. h3 f4 19. Rxg4 Rg6 20. h4 h5 21. Qe4
Kh7 22. Rxg5 Bxg5 23. hxg5 Rf8 24. Bd3 Rf5 25. Qf3 Qxd4+ 26. Kh1 Qe3 27. Bxf5
1-0

[Event "Landesklasse Ost 2012/2013"]
[Site "?"]
[Date "2013.04.21"]
[Round "9"]
[White "Petigk, Falk"]
[Black "Schulz, Uwe"]
[Result "1/2-1/2"]
[WhiteElo "1674"]
[BlackElo "1695"]
[PlyCount "77"]
[EventDate "2013.??.??"]
[WhiteTeam "SSV Vimaria 91 Weimar"]
[BlackTeam "SV Schott Jena"]

1. e4 c5 2. Nf3 Nc6 3. d4 cxd4 4. Nxd4 g6 5. c4 Bg7 6. Be3 Nf6 7. Nc3 Qa5 8.
Qd2 Ng4 9. Nc2 Nxe3 10. Nxe3 O-O 11. Bd3 d6 12. O-O Be6 13. Kh1 Rac8 14. f4 Nd4
15. Rad1 f5 16. exf5 Nxf5 17. g4 Nxe3 18. Qxe3 Bxg4 19. Rde1 Bxc3 20. bxc3 Qxc3
21. Rc1 Qa3 22. c5 d5 23. f5 Rc6 24. Qd4 Bf3+ 25. Kg1 e5 26. fxe6 Rxe6 27. Rc2
Qa5 28. Rcf2 Ref6 29. Qe3 Qc3 30. Rxf3 Rxf3 31. Rxf3 Rxf3 32. Qxf3 Qxc5+ 33.
Kg2 a5 34. Qf6 b6 35. h4 d4 36. Qe6+ Kg7 37. Bc4 Kh6 38. Qf7 b5 39. Qf4+
1/2-1/2

[Event "Landesklasse Ost 2012/2013"]
[Site "?"]
[Date "2013.04.21"]
[Round "9"]
[White "Hoffmann, Tim"]
[Black "Skibbe, Diana"]
[Result "0-1"]
[WhiteElo "1955"]
[BlackElo "1951"]
[PlyCount "96"]
[EventDate "2013.??.??"]
[WhiteTeam "ESV Gera"]
[BlackTeam "TSV Zeulenroda"]

1. e4 e5 2. Nf3 Nc6 3. d4 exd4 4. Nxd4 Bc5 5. Nxc6 Qf6 6. Qf3 Qxf3 7. gxf3 bxc6
8. Be3 Bb6 9. Rg1 g6 10. Nc3 Ne7 11. O-O-O Bb7 12. Bc4 Bxe3+ 13. fxe3 O-O-O 14.
e5 d5 15. exd6 cxd6 16. Bxf7 Rhf8 17. Be6+ Kc7 18. f4 Rf6 19. Bh3 d5 20. Na4
Bc8 21. Bxc8 Nxc8 22. Rd3 Nd6 23. Nc5 Kb6 24. Nb3 Re8 25. Nd2 Nf5 26. Re1 Rfe6
27. e4 dxe4 28. Rd7 e3 29. Nc4+ Kc5 30. Ne5 R8e7 31. Rd3 Kb6 32. Kd1 Kc7 33.
Ke2 g5 34. Ra3 gxf4 35. Rxa7+ Kd6 36. Nf7+ Kd5 37. Ra5+ c5 38. Ng5 Nd4+ 39. Kd3
Re5 40. Nh3 f3 41. Ra6 c4+ 42. Kc3 Ne2+ 43. Rxe2 fxe2 44. Nf4+ Ke4 45. Nxe2 Rf7
46. Rh6 Kf3 47. Nd4+ Kf2 48. Kxc4 e2 0-1

[Event "Landesklasse Ost 2012/2013"]
[Site "?"]
[Date "2013.04.21"]
[Round "9"]
[White "Barth, Christian"]
[Black "Puschendorf, Steffen"]
[Result "0-1"]
[WhiteElo "1897"]
[BlackElo "2105"]
[PlyCount "48"]
[EventDate "2013.??.??"]
[WhiteTeam "TSV Zeulenroda"]
[BlackTeam "ESV Gera"]

1. e4 e6 2. d4 d5 3. exd5 exd5 4. Bd3 Nc6 5. Ne2 Bd6 6. Bf4 Bxf4 7. Nxf4 Nxd4
8. Bxh7 Qf6 9. Nh5 Qe7+ 10. Kf1 Rxh7 11. Nc3 c6 12. Nxg7+ Rxg7 13. Qxd4 Rg4 14.
Qh8 Qf6 15. Qh5 Be6 16. h3 Rg5 17. Qh4 O-O-O 18. Re1 Re5 19. Qa4 Rxe1+ 20. Kxe1
Kb8 21. h4 Qe5+ 22. Kf1 Re8 23. g3 d4 24. f4 Qe3 0-1

[Event "Landesklasse Ost 2012/2013"]
[Site "?"]
[Date "2013.04.21"]
[Round "9"]
[White "Gläßl, Matthias"]
[Black "Wolfram, Thomas"]
[Result "1/2-1/2"]
[WhiteElo "2071"]
[BlackElo "1721"]
[PlyCount "74"]
[EventDate "2013.??.??"]
[WhiteTeam "ESV Gera"]
[BlackTeam "TSV Zeulenroda"]

1. e4 d6 2. d4 g6 3. Nc3 Bg7 4. Be2 e5 5. Nf3 exd4 6. Nxd4 Ne7 7. O-O Nbc6 8.
Be3 O-O 9. f4 Nxd4 10. Bxd4 Nc6 11. Bxg7 Kxg7 12. f5 f6 13. Bd3 Ne5 14. Be2 Bd7
15. Qd2 Be8 16. Rad1 Bf7 17. b3 a6 18. Rf2 Qe7 19. Nd5 Bxd5 20. Qxd5 Nc6 21.
fxg6 hxg6 22. h3 Rae8 23. Bd3 Rh8 24. Qc4 Qe5 25. Rdf1 Rhf8 26. b4 Qd4 27. Qxd4
Nxd4 28. Rb1 Ne6 29. h4 Rh8 30. Rbf1 Ref8 31. g3 g5 32. hxg5 Nxg5 33. Kg2 Nh3
34. Rf5 Rh6 35. Rh1 Rfh8 36. Kf1 Rg6 37. Kg2 Rgh6 1/2-1/2

[Event "Landesklasse Ost 2012/2013"]
[Site "?"]
[Date "2013.04.21"]
[Round "9"]
[White "Riemer, Marion"]
[Black "Schmidt, Frank"]
[Result "0-1"]
[WhiteElo "1758"]
[BlackElo "1937"]
[PlyCount "58"]
[EventDate "2013.??.??"]
[WhiteTeam "TSV Zeulenroda"]
[BlackTeam "ESV Gera"]

1. e4 e6 2. d4 d5 3. exd5 exd5 4. Bd3 Bd6 5. Nc3 c6 6. Nf3 Bg4 7. h3 Bh5 8. g4
Bg6 9. Bxg6 hxg6 10. Be3 Nd7 11. Qd2 Qc7 12. O-O-O O-O-O 13. Ne2 Ngf6 14. Ng5
Nb6 15. Bf4 Nc4 16. Bxd6 Qxd6 17. Qc3 Qe7 18. Rhe1 Nxg4 19. Nxf7 Qxf7 20. hxg4
Qxf2 21. Qg3 Rdf8 22. Rd3 Rh2 23. b3 Nd6 24. Re3 Ne4 25. Qg1 Rg2 26. Qxf2 Rfxf2
27. Kd1 Rxg4 28. Rh3 Rgg2 29. Rh7 Rxe2 0-1

[Event "Landesklasse Ost 2012/2013"]
[Site "?"]
[Date "2013.04.21"]
[Round "9"]
[White "Senf, Paul"]
[Black "Teichmann, Mario"]
[Result "1-0"]
[WhiteElo "1690"]
[BlackElo "1430"]
[PlyCount "65"]
[EventDate "2013.??.??"]
[WhiteTeam "ESV Gera"]
[BlackTeam "TSV Zeulenroda"]

1. e4 c5 2. Nf3 Nc6 3. d4 cxd4 4. Nxd4 Nf6 5. Nc3 e6 6. Be3 a6 7. Be2 Bb4 8. f3
Bxc3+ 9. bxc3 O-O 10. O-O d5 11. Nxc6 bxc6 12. e5 Nd7 13. f4 f6 14. exf6 Nxf6
15. Bd3 a5 16. Rb1 Qe8 17. Bd4 Qh5 18. Qxh5 Nxh5 19. Be5 Nf6 20. Rb6 Bd7 21.
Ba6 Rf7 22. Bb7 Ra7 23. Bb8 Rxb7 24. Rxb7 Ne4 25. Be5 c5 26. Ra7 a4 27. Rb1 Be8
28. Ra8 Re7 29. Rbb8 Kf7 30. Kf1 g6 31. a3 h6 32. Ke2 Bd7 33. Rf8# 1-0